| 000 | 00451nam a2200193Ia 4500 | ||
|---|---|---|---|
| 003 | 0100 | ||
| 008 | 130303s9999 xx 000 0 und d | ||
| 040 | _cARRUPELIB | ||
| 050 | _aBT203.M84 2001 | ||
| 100 | _aMueller, Steve | ||
| 245 | 4 | _aThe seeker ' s guide to Jesus in the gospels | |
| 260 | _aChicago | ||
| 260 | _bLoyola Press | ||
| 260 | _C2001 | ||
| 300 | _ax | ||
| 300 | _b 301p. 18cm. | ||
| 650 | _bThomas, Dylan | ||
| 942 |
_2lcc _01 |
||
| 999 |
_c67333 _d67333 |
||